[Event "Oberliga Nord O 2122"]
[Site "Germany"]
[Date "2021.10.31"]
[Round "1.5"]
[White "Wuttke, Hans"]
[Black "Leisner, Hannes"]
[Result "0-1"]
[WhiteElo "2116"]
[BlackElo "2235"]
[PlyCount "90"]
[EventDate "2021.10.31"]
[EventType "team-tourn"]
[EventRounds "9"]
[EventCountry "GER"]
[SourceTitle "EXT 2023"]
[Source "ChessBase"]
[SourceDate "2022.10.05"]
[SourceVersion "1"]
[SourceVersionDate "2022.10.05"]
[SourceQuality "1"]
[WhiteTeam "Potsdam Empor"]
[BlackTeam "Greifswald"]
[WhiteTeamCountry "GER"]
[BlackTeamCountry "GER"]

1. Nf3 d6 2. d4 Nf6 3. Nc3 Bf5 4. h3 c6 5. Bg5 Nbd7 6. e3 Qc7 7. Bd3 Bxd3 8. cxd3 g6 9. 0-0 Bg7 10. Qe2 0-0 11. Rfc1 Qb6 12. Rab1 Rfe8 13. b4 Rac8 14. Qc2 Qa6 15. Qd2 h6 16. Bf4 e5 17. Bh2 exd4 18. Nxd4 Ne5 19. Rd1 c5 20. Nde2 Qc6 21. b5 Qc7 22. Nf4 Qd7 23. Nfd5 Nxd5 24. Nxd5 Qe6 25. Nf4 Qf5 26. Qe2 Nd7 27. Qg4 Qxg4 28. hxg4 Nf6 29. Nh3 d5 30. g5 hxg5 31. Nxg5 c4 32. Nf3 c3 33. Rdc1 Nd7 34. Ne1 d4 35. exd4 Bxd4 36. Nc2 Bg7 37. Bf4 Nc5 38. Nb4 Red8 39. Rc2 Nxd3 40. Nxd3 Rxd3 41. Kf1 Rd5 42. Ke2 Rc4 43. Be3 b6 44. Rb3 Ra4 45. a3 Ra5 0-1

[Event "Oberliga Nord O 1819"]
[Site "Germany"]
[Date "2019.03.24"]
[Round "8.6"]
[White "Glienke, Manfred"]
[Black "Wuttke, Hans"]
[Result "1/2-1/2"]
[WhiteElo "2246"]
[BlackElo "2161"]
[PlyCount "33"]
[EventDate "2018.10.21"]
[EventType "team-tourn"]
[EventRounds "9"]
[EventCountry "GER"]
[SourceTitle "EXT 2020"]
[Source "ChessBase"]
[SourceDate "2019.10.17"]
[SourceVersion "1"]
[SourceVersionDate "2019.10.17"]
[SourceQuality "1"]
[WhiteTeam "Kreuzberg"]
[BlackTeam "Potsdam Empor"]
[WhiteTeamCountry "GER"]
[BlackTeamCountry "GER"]

1. Nf3 g6 2. d4 Bg7 3. Bf4 d6 4. h3 Nf6 5. e3 0-0 6. Be2 b6 7. 0-0 Bb7 8. c4 Nbd7 9. Nc3 Re8 10. Rc1 e5 11. Bh2 exd4 12. exd4 Ne4 13. Bf4 h6 14. Re1 Kh7 15. Nxe4 Bxe4 16. Be3 Nf6 17. Nd2 1/2-1/2

[Event "Oberliga Nord O 1819"]
[Site "Germany"]
[Date "2018.12.16"]
[Round "4.6"]
[White "Wuttke, Hans"]
[Black "Welz, Peter"]
[Result "1/2-1/2"]
[WhiteElo "2161"]
[BlackElo "2045"]
[PlyCount "55"]
[EventDate "2018.10.21"]
[EventType "team-tourn"]
[EventRounds "9"]
[EventCountry "GER"]
[SourceTitle "EXT 2020"]
[Source "ChessBase"]
[SourceDate "2019.10.17"]
[SourceVersion "1"]
[SourceVersionDate "2019.10.17"]
[SourceQuality "1"]
[WhiteTeam "Potsdam Empor"]
[BlackTeam "Berlin Empor"]
[WhiteTeamCountry "GER"]
[BlackTeamCountry "GER"]

1. Nf3 f5 2. d3 d6 3. e4 e5 4. exf5 Bxf5 5. g3 Be7 6. Bg2 Nc6 7. 0-0 Nf6 8. c3 Qd7 9. d4 h6 10. dxe5 dxe5 11. Qxd7+ Nxd7 12. Be3 0-0-0 13. Nbd2 g5 14. Nb3 Be4 15. Nfd2 Bxg2 16. Kxg2 a5 17. Ne4 a4 18. Nbd2 Nc5 19. Nxc5 Bxc5 20. Ne4 Bxe3 21. fxe3 Rd3 22. Rae1 b6 23. Re2 Na5 24. Nf2 Rd5 25. Rd1 Rxd1 26. Nxd1 Rd8 27. Nf2 Nc4 28. b3 1/2-1/2

[Event "Oberliga Nord O 1617"]
[Site "Germany"]
[Date "2017.03.19"]
[Round "7.6"]
[White "Szajbely, Zsigmond"]
[Black "Wuttke, Hans"]
[Result "1-0"]
[WhiteElo "2256"]
[BlackElo "2152"]
[PlyCount "93"]
[EventDate "2016.10.16"]
[EventType "team-tourn"]
[EventRounds "9"]
[EventCountry "GER"]
[SourceTitle "EXT 2018"]
[Source "ChessBase"]
[SourceDate "2017.10.13"]
[SourceVersion "1"]
[SourceVersionDate "2017.10.13"]
[SourceQuality "1"]
[WhiteTeam "Berlin Empor"]
[BlackTeam "Potsdam Empor"]
[WhiteTeamCountry "GER"]
[BlackTeamCountry "GER"]

1. e4 c6 2. d4 d5 3. Nd2 dxe4 4. Nxe4 Bf5 5. Ng3 Bg6 6. Nh3 e6 7. Nf4 Bd6 8. Ngh5 Bf8 9. c3 Nd7 10. Bc4 Nb6 11. Bb3 Bxh5 12. Nxh5 g6 13. Nf4 Nd5 14. Nd3 Bg7 15. 0-0 Nge7 16. Qf3 0-0 17. Re1 Nf5 18. Bd2 a5 19. Nc5 Nd6 20. a3 b6 21. Nd3 Nf5 22. Rad1 Qc7 23. Qh3 c5 24. g4 Nfe7 25. c4 Nf6 26. Bf4 Qa7 27. dxc5 bxc5 28. Be3 Rfc8 29. Ba4 Rc7 30. Bb5 Nd7 31. Bxd7 Rxd7 32. Nxc5 Rxd1 33. Rxd1 Qb8 34. Qf3 Qe8 35. Ne4 f5 36. Nd6 Qc6 37. Qxc6 Nxc6 38. b3 fxg4 39. Nb5 Ne5 40. a4 h5 41. Kg2 Nf3 42. c5 Nh4+ 43. Kf1 Nf5 44. c6 Nxe3+ 45. fxe3 Rc8 46. c7 Rf8+ 47. Kg2 1-0

[Event "GER-chT Seniors 25th"]
[Site "Magdeburg"]
[Date "2016.10.15"]
[Round "7.1"]
[White "Dittmann, Hans Adolf"]
[Black "Wuttke, Hans"]
[Result "1/2-1/2"]
[WhiteElo "2096"]
[BlackElo "2142"]
[PlyCount "125"]
[EventDate "2016.10.09"]
[EventType "team-swiss"]
[EventRounds "7"]
[EventCountry "GER"]
[SourceTitle "EXT 2019"]
[Source "ChessBase"]
[SourceDate "2018.10.10"]
[SourceVersion "1"]
[SourceVersionDate "2018.10.10"]
[SourceQuality "1"]
[WhiteTeam "Schleswig Holstein II"]
[BlackTeam "Brandenburg"]
[WhiteTeamCountry "GER"]
[BlackTeamCountry "GER"]

1. e4 c6 2. d4 d5 3. Nc3 dxe4 4. Nxe4 Bf5 5. Ng3 Bg6 6. h4 h6 7. Nh3 Nf6 8. Nf4 Bh7 9. Bc4 Nbd7 10. Bb3 e5 11. dxe5 Qa5+ 12. Bd2 Qxe5+ 13. Qe2 Bc5 14. Bc3 Qxe2+ 15. Kxe2 0-0 16. Rhd1 Be7 17. Kf1 Nc5 18. Nfh5 Ne8 19. Re1 Nxb3 20. cxb3 Bc5 21. Ne4 Bxe4 22. Rxe4 f5 23. Ree1 Rf7 24. Nf4 Bf8 25. Rad1 Nc7 26. h5 Rc8 27. Re2 b5 28. b4 c5 29. bxc5 Bxc5 30. a3 Ne8 31. Red2 Nf6 32. Rd8+ Rf8 33. Bxf6 gxf6 34. Ne6 Rcxd8 35. Rxd8 Rxd8 36. Nxd8 a5 37. Ne6 Bb6 38. Ke2 Kf7 39. Nf4 Bd4 40. Nd3 Ke6 41. Kd2 Kd5 42. f3 Kc4 43. Kc2 Be3 44. b3+ Kd4 45. a4 bxa4 46. bxa4 Kc4 47. g3 Bd4 48. Nf4 Bf2 49. Ne2 Kb4 50. Nc3 Bxg3 51. Nd5+ Kxa4 52. Nxf6 Kb4 53. Ng8 Bf4 54. Ne7 Kc4 55. Nxf5 a4 56. Kb2 Kb4 57. Ne7 Bd6 58. Ng6 Kc4 59. f4 Kd5 60. f5 Be5+ 61. Ka3 Ke4 62. Kxa4 Kxf5 63. Ne7+ 1/2-1/2

[Event "WchT Seniors 50"]
[Site "Radebeul"]
[Date "2016.07.02"]
[Round "7.8"]
[White "Petran, Peter"]
[Black "Wuttke, Hans"]
[Result "1-0"]
[WhiteElo "2331"]
[BlackElo "2140"]
[PlyCount "93"]
[EventDate "2016.06.26"]
[EventType "team-swiss"]
[EventRounds "9"]
[EventCountry "GER"]
[SourceTitle "CBM 173 Extra"]
[Source "ChessBase"]
[SourceDate "2016.08.29"]
[SourceVersion "1"]
[SourceVersionDate "2016.08.29"]
[SourceQuality "1"]
[WhiteTeam "Slovakia"]
[BlackTeam "Potsdam Empor"]
[WhiteTeamCountry "SVK"]
[BlackTeamCountry "GER"]

1. g3 c5 2. Bg2 Nc6 3. e4 g6 4. Ne2 Bg7 5. 0-0 d6 6. c3 e5 7. d3 Nge7 8. Be3 0-0 9. d4 b6 10. d5 Na5 11. Na3 f5 12. b4 Nb7 13. f3 f4 14. gxf4 exf4 15. Bxf4 cxb4 16. cxb4 Bd7 17. Rb1 Qe8 18. Qd2 Rc8 19. Rfc1 b5 20. Be3 g5 21. Bxg5 Ng6 22. Rxc8 Bxc8 23. Rf1 Nd8 24. Bh6 Bxh6 25. Qxh6 Nf7 26. Qe3 Nfe5 27. f4 Ng4 28. Qg3 h5 29. h3 h4 30. Qd3 Nh6 31. Nxb5 Ba6 32. a4 Qb8 33. Qe3 Bxb5 34. axb5 Qxb5 35. f5 Ne5 36. Qxh6 Qxe2 37. Qxh4 Rf7 38. f6 Qe3+ 39. Kh2 Rh7 40. Qg3+ Kf7 41. Qxe3 Ng4+ 42. Kg3 Nxe3 43. Rf3 Nc2 44. Rc3 Nxb4 45. e5 dxe5 46. Rc7+ Kg8 47. d6 1-0

[Event "Oberliga Nord O 1415"]
[Site "Germany"]
[Date "2014.10.19"]
[Round "2.3"]
[White "Wuttke, Hans"]
[Black "Leisner, Hannes"]
[Result "0-1"]
[WhiteElo "2163"]
[BlackElo "2237"]
[PlyCount "104"]
[EventDate "2014.09.21"]
[EventType "team-tourn"]
[EventRounds "9"]
[EventCountry "GER"]
[SourceTitle "EXT 2016"]
[Source "ChessBase"]
[SourceDate "2015.10.08"]
[SourceVersion "1"]
[SourceVersionDate "2015.10.08"]
[SourceQuality "1"]
[WhiteTeam "Potsdam Empor"]
[BlackTeam "Greifswald"]
[WhiteTeamCountry "GER"]
[BlackTeamCountry "GER"]

1. c4 e5 2. Nc3 Bb4 3. g3 Bxc3 4. dxc3 d6 5. Bg2 Nf6 6. Nf3 0-0 7. 0-0 h6 8. Ne1 Nbd7 9. e4 Nc5 10. Qe2 a6 11. Nc2 b5 12. Rd1 bxc4 13. Qxc4 a5 14. Qe2 Ba6 15. c4 Rb8 16. f3 Ne6 17. Bh3 Qe8 18. b3 Qc6 19. Bf1 Qb6+ 20. Qf2 c5 21. Bd2 Rfc8 22. Rab1 Nd4 23. Bd3 Nd7 24. Ne3 Bb7 25. Bc3 Re8 26. Nd5 Bxd5 27. exd5 Qa7 28. Re1 a4 29. b4 cxb4 30. Rxb4 Nxf3+ 31. Kf1 Qxf2+ 32. Kxf2 Nxe1 33. Bxe1 Nc5 34. Ke3 Rxb4 35. Bxb4 Kf8 36. Bc2 Rc8 37. Bf5 Rb8 38. Ba3 Ke7 39. Bc2 Ra8 40. g4 g6 41. Ke2 Kd7 42. Bc1 Rh8 43. h4 e4 44. Ba3 f5 45. Bxc5 dxc5 46. Bxa4+ Kd6 47. h5 fxg4 48. hxg6 Rg8 49. Bc2 Rxg6 50. Bxe4 Rf6 51. a4 Ke5 52. Kd3 Ra6 0-1

[Event "Oberliga Nord O 1415"]
[Site "Germany"]
[Date "2014.09.21"]
[Round "1.3"]
[White "Gyorkos, Lajos"]
[Black "Wuttke, Hans"]
[Result "1-0"]
[WhiteElo "2351"]
[BlackElo "2163"]
[PlyCount "75"]
[EventDate "2014.09.21"]
[EventType "team-tourn"]
[EventRounds "9"]
[EventCountry "GER"]
[SourceTitle "EXT 2016"]
[Source "ChessBase"]
[SourceDate "2015.10.08"]
[SourceVersion "1"]
[SourceVersionDate "2015.10.08"]
[SourceQuality "1"]
[WhiteTeam "Neuruppin"]
[BlackTeam "Potsdam Empor"]
[WhiteTeamCountry "GER"]
[BlackTeamCountry "GER"]

1. d4 e6 2. c4 Bb4+ 3. Bd2 a5 4. Nf3 Nf6 5. g3 d6 6. Bg2 Nc6 7. 0-0 e5 8. Bg5 exd4 9. Nxd4 Bd7 10. Nb5 Rc8 11. N1c3 Bxc3 12. Nxc3 h6 13. Bf4 0-0 14. Qd2 b6 15. e4 Re8 16. b3 Ne5 17. Qc2 Nh7 18. Rad1 f6 19. Bc1 Be6 20. Nd5 c6 21. Nf4 Bf7 22. Ne2 Qc7 23. Nd4 Nd7 24. Nf5 Re6 25. Qd2 Rd8 26. Nxd6 Ne5 27. Nb5 Rxd2 28. Nxc7 Rxd1 29. Rxd1 Re7 30. Rd8+ Nf8 31. Ba3 Rxc7 32. Bxf8 Kh7 33. f4 Rd7 34. Rxd7 Nxd7 35. Bd6 Be6 36. Kf2 a4 37. bxa4 Bxc4 38. Bh3 1-0

[Event "Oberliga Nord O 1314"]
[Site "Germany"]
[Date "2014.01.19"]
[Round "5.5"]
[White "Wuttke, Hans"]
[Black "Cusnariov, Nikolai"]
[Result "1/2-1/2"]
[WhiteElo "2168"]
[BlackElo "2148"]
[PlyCount "21"]
[EventDate "2013.10.13"]
[EventType "team-tourn"]
[EventRounds "9"]
[EventCountry "GER"]
[SourceTitle "EXT 2015"]
[Source "ChessBase"]
[SourceDate "2014.11.20"]
[SourceVersion "1"]
[SourceVersionDate "2014.11.20"]
[SourceQuality "1"]
[WhiteTeam "Potsdam Empor"]
[BlackTeam "Potsdam USV"]
[WhiteTeamCountry "GER"]
[BlackTeamCountry "GER"]

1. c4 Nf6 2. g3 c5 3. Bg2 Nc6 4. Nc3 g6 5. Nf3 Bg7 6. d4 cxd4 7. Nxd4 0-0 8. 0-0 Nxd4 9. Qxd4 d6 10. Qd3 a6 11. b3 1/2-1/2

[Event "EU-chT Seniors 15th"]
[Site "Dresden"]
[Date "2013.07.27"]
[Round "8"]
[White "Watzka, Horst"]
[Black "Wuttke, Hans"]
[Result "1/2-1/2"]
[WhiteElo "2273"]
[BlackElo "2171"]
[PlyCount "31"]
[EventDate "2013.07.20"]
[EventType "team-swiss"]
[EventRounds "9"]
[EventCountry "GER"]
[SourceTitle "CBM 155 Extra"]
[Source "ChessBase"]
[SourceDate "2013.08.26"]
[SourceVersion "1"]
[SourceVersionDate "2013.08.26"]
[SourceQuality "1"]
[WhiteTeam "Steiermark"]
[BlackTeam "Brandenburg"]
[WhiteTeamCountry "AUT"]
[BlackTeamCountry "GER"]

1. e4 d6 2. d4 Nf6 3. Nc3 e5 4. Nge2 Nc6 5. h3 Be7 6. g3 0-0 7. Bg2 Re8 8. 0-0 exd4 9. Nxd4 Nxd4 10. Qxd4 c6 11. Be3 Qc7 12. Rad1 h6 13. Qd2 Be6 14. f4 b5 15. a3 a5 16. b3 1/2-1/2

[Event "EU-chT Seniors 15th"]
[Site "Dresden"]
[Date "2013.07.24"]
[Round "5"]
[White "Wuttke, Hans"]
[Black "Uhlmann, Wolfgang"]
[Result "1/2-1/2"]
[WhiteElo "2171"]
[BlackElo "2340"]
[PlyCount "69"]
[EventDate "2013.07.20"]
[EventType "team-swiss"]
[EventRounds "9"]
[EventCountry "GER"]
[SourceTitle "CBM 155 Extra"]
[Source "ChessBase"]
[SourceDate "2013.08.26"]
[SourceVersion "1"]
[SourceVersionDate "2013.08.26"]
[SourceQuality "1"]
[WhiteTeam "Brandenburg"]
[BlackTeam "Germany"]
[WhiteTeamCountry "GER"]
[BlackTeamCountry "GER"]

1. c4 Nf6 2. g3 g6 3. Bg2 c5 4. Nf3 Bg7 5. 0-0 Nc6 6. Nc3 d6 7. d4 cxd4 8. Nxd4 Bd7 9. e3 Qc8 10. Re1 Nxd4 11. Qxd4 0-0 12. Qd3 Re8 13. Bd2 Bh3 14. Bh1 Nd7 15. b3 Ne5 16. Qe2 Rb8 17. Rac1 h5 18. Nd5 Bd7 19. Bc3 e6 20. Nb4 Bc6 21. Nxc6 Nxc6 22. Bxg7 Kxg7 23. Red1 Qc7 24. Qb2+ Kg8 25. Rd2 Rbd8 26. Rcd1 Rd7 27. Bf3 Ne5 28. Qxe5 dxe5 29. Rxd7 Qa5 30. Bxb7 h4 31. g4 Rb8 32. Bc6 Qxa2 33. Ba4 Qc2 34. R1d2 Qb1+ 35. Rd1 1/2-1/2

[Event "EU-chT Seniors 15th"]
[Site "Dresden"]
[Date "2013.07.22"]
[Round "3"]
[White "Giulian, Philip Maurice"]
[Black "Wuttke, Hans"]
[Result "1-0"]
[WhiteElo "2230"]
[BlackElo "2171"]
[PlyCount "65"]
[EventDate "2013.07.20"]
[EventType "team-swiss"]
[EventRounds "9"]
[EventCountry "GER"]
[SourceTitle "CBM 155 Extra"]
[Source "ChessBase"]
[SourceDate "2013.08.26"]
[SourceVersion "1"]
[SourceVersionDate "2013.08.26"]
[SourceQuality "1"]
[WhiteTeam "Scotland"]
[BlackTeam "Brandenburg"]
[WhiteTeamCountry "SCO"]
[BlackTeamCountry "GER"]

1. d4 e6 2. c4 b6 3. a3 Bb7 4. Nc3 f5 5. d5 Nf6 6. g3 Na6 7. Bg2 Nc5 8. Nf3 Bd6 9. Nd4 Be5 10. Rb1 Bxd4 11. Qxd4 d6 12. b4 e5 13. Qd1 Ncd7 14. Qc2 g6 15. e4 fxe4 16. Nxe4 Nxe4 17. Bxe4 Qe7 18. h4 Qf7 19. Bg5 Nf6 20. Bxf6 Qxf6 21. h5 Ke7 22. c5 Rad8 23. hxg6 hxg6 24. Rxh8 Rxh8 25. cxb6 Rc8 26. bxa7 Qf7 27. Rd1 Kf6 28. Rd3 Kg7 29. b5 Qg8 30. a4 Qe8 31. Rc3 Qd7 32. Bxg6 Bxd5 33. Bf5 1-0

[Event "Oberliga Nord O 1213"]
[Site "Germany"]
[Date "2013.01.13"]
[Round "5.7"]
[White "Postler, Reinhard"]
[Black "Wuttke, Hans"]
[Result "1-0"]
[WhiteElo "2257"]
[BlackElo "2203"]
[PlyCount "53"]
[EventDate "2012.10.17"]
[EventType "team-tourn"]
[EventRounds "9"]
[EventCountry "GER"]
[SourceTitle "EXT 2015"]
[Source "ChessBase"]
[SourceDate "2014.11.20"]
[SourceVersion "1"]
[SourceVersionDate "2014.11.20"]
[SourceQuality "1"]
[WhiteTeam "Oberschoeneweide"]
[BlackTeam "Potsdam Empor"]
[WhiteTeamCountry "GER"]
[BlackTeamCountry "GER"]

1. e4 c6 2. d4 d5 3. Nc3 dxe4 4. Nxe4 Bf5 5. Ng3 Bg6 6. Bc4 e6 7. N1e2 h6 8. Nf4 Bh7 9. 0-0 Nf6 10. Re1 Nd5 11. Nxe6 fxe6 12. Rxe6+ Be7 13. Qh5+ Kf8 14. Rxh6 Kg8 15. Nf5 Bf6 16. Rxf6 Bg6 17. Qxg6 Qxf6 18. Qg4 g6 19. Ne3 Kg7 20. Bxd5 cxd5 21. Nxd5 Qd8 22. Nf4 Qe8 23. Bd2 Nc6 24. Re1 Qf7 25. d5 Rhe8 26. Bc3+ Kg8 27. dxc6 1-0

[Event "GER-chT Seniors 21st"]
[Site "Berlin"]
[Date "2012.09.15"]
[Round "6.5"]
[White "Rotstein, Jefim"]
[Black "Wuttke, Hans"]
[Result "1-0"]
[WhiteElo "2265"]
[BlackElo "2142"]
[PlyCount "83"]
[EventDate "2012.09.10"]
[EventType "team-swiss"]
[EventRounds "7"]
[EventCountry "GER"]
[SourceTitle "CBM 150 Extra"]
[Source "ChessBase"]
[SourceDate "2012.10.19"]
[SourceVersion "1"]
[SourceVersionDate "2012.10.19"]
[SourceQuality "1"]
[WhiteTeam "NRW Seniors"]
[BlackTeam "Brandenburg"]
[WhiteTeamCountry "GER"]
[BlackTeamCountry "GER"]

1. f4 c5 2. Nf3 Nc6 3. d3 d5 4. e3 g6 5. Be2 Bg7 6. 0-0 e6 7. Qe1 Nge7 8. e4 b6 9. Nc3 Nb4 10. Bd1 0-0 11. Qh4 dxe4 12. dxe4 Nec6 13. Qxd8 Nxd8 14. a3 Nbc6 15. Be2 Bb7 16. Nb5 Rb8 17. Rd1 Ba8 18. Rb1 Nb7 19. Be3 Rbc8 20. e5 Rfd8 21. Ng5 a6 22. Nc3 Nd4 23. Bxa6 Nxc2 24. Bf2 h6 25. Nge4 Rxd1+ 26. Rxd1 Rd8 27. Rxd8+ Nxd8 28. Bd3 Na1 29. Nd2 Bc6 30. Nc4 b5 31. Na5 c4 32. Nxc6 Nxc6 33. Be4 Na5 34. Nxb5 g5 35. g3 h5 36. Nd4 gxf4 37. gxf4 Bh6 38. Be3 Bf8 39. Nc6 Nxc6 40. Bxc6 c3 41. bxc3 Bxa3 42. Ba4 1-0